Star Wars by letter - E - Statistics

General Stats
  • This quiz has been taken 35 times
  • The average score is 10 of 20
Answer Stats
Hint Answer % Correct
Living species from this moon Ewok
100%
Title of Palpatine after the fall of the Republic Emperor
96%
Forest moon where the Rebel Alliance won one of the most crucial victory over the Galactic Empire Endor
96%
Last name of Galen and Jyn Erso
87%
Former soldier of the 501st and the Bad Batch, he went on a mission to help his clone brothers Echo
78%
Deep in the Unknown Regions, it is one of the oldest Sith worlds Exegol
74%
Born an orphan, he is one of the few to be trained as a Jedi after the fall of the Republic Ezra Bridger
74%
Small emergency craft designed to detach from a larger vessel Escape Pod
65%
Darth Vader's mighty flagship who led the Death Squadron during the Empire's assault on Hoth Executor
61%
Headquarters of the Rebel Alliance in the caverns of Hoth Echo Base
57%
Inquisitor sent by Vader to Malachor to find Maul but died there Eighth Brother
39%
Outer Rim planet home to a top-secret laboratory where Galen and other Imperial scientists worked on the creation of the ultimate weapon Eadu
35%
Chief weapon of Grievous' personal guards capable of repelling lightsaber strikes Electrostaff
35%
Mysterious female leader of the Cloud-Riders gang who fought against and alongside Han during his youth Enfys Nest
35%
Senior member of the Jedi Council, he was tasked with some of the most crucial missions during the Clone Wars Even Piell
30%
Outer Rim planet used by the Empire as a stronghold due to the presence of a secure compound controlled by Grand Moff Tarkin Eriadu
17%
Small team of Imperial highly skilled soldiers from across the galaxy tasked to neutralize any anti-Imperial insurgents Elite Squad
9%
Gungan weapon also called "Booma" Energy Ball
9%
First Order soldiers carrying powerful laser axes and wearing armors with black-carbon finish accents Executioner Troopers
9%
Muddy planet home to Imperial mines, prison and labor camps Erebus
0%
No matching quizzes found
Score Distribution
Percent of People with Each Score
Percentile by Number Answered
Your Score History
You have not taken this quiz